000 00478nam a2200205Ia 4500
008 210210b1956 xxu||||| |||| 00| 0 eng d
041 _aeng
082 _a511/129
100 _aSPIEGEL (Murray R)
245 _aTheory and problems of college algebra
260 _aNew York
_bSchaum Publishing Co
_c1956
650 _aTheory
650 _aproblems
650 _aof
650 _acollege
650 _aand
650 _aalgebra
690 _aAlgebra
906 _a007199
999 _c139536
_d139536